Statistics for Ireland Rugby - 75 or more Caps

Click here to take the quiz!

General Stats

  • This quiz has been taken 436 times
    (173 since last reset)
  • The average score is 11 of 16

Answer Stats

CapsYears ActivePlayer% Correct
1331999-2014Brian O'Driscoll
97%
1082002-2015Paul O'Connell
90%
1282000-2013Ronan O'Gara
88%
872009-2019Jonny Sexton
87%
1232005-2019Rory Best
86%
942007-2019Rob Kearney
72%
772011-2019Conor Murray
70%
812008-2019Keith Earls
68%
982000-2011Peter Stringer
68%
942009-2019Cian Healy
66%
821999-2015Gordon D'Arcy
61%
952006-2017Jamie Heaslip
58%
1052000-2011John Hayes
57%
942003-2013Donncha O'Callaghan
53%
821998-2008Girvan Dempsey
29%
921997-2009Malcolm O'Kelly
20%

Score Distribution

Percentile by Number Answered

Percent of People with Each Score

Your Score History

You have not taken this quiz since the last reset